| 000 | 00736cam a22002292 4500 | ||
|---|---|---|---|
| 001 | 0000000272 | ||
| 005 | 20151021151043.0 | ||
| 008 | 070119s xx 000 0 eng d | ||
| 020 |
_a9971513374 : _cKES 2,500 |
||
| 040 |
_aKABU _cKABU |
||
| 050 | 0 |
_aQA76.73 _b.J38G66 2001 |
|
| 100 | 1 |
_aGoodrich, Michael T. _@0000148368 |
|
| 245 | 1 | 0 |
_aData Structures and algorithms in Java / _cMichael T. Goodrich, Roberto Tamassia. |
| 250 | _a2nd ed. | ||
| 260 |
_aNew York : _bJohn Wiley, _c2001. |
||
| 300 | _axiii, 641 p. | ||
| 650 | 0 |
_aJava (Computer program language) _@0000148169 |
|
| 700 | 1 |
_aTamassia, Roberto. _@0000148369 |
|
| 908 | _a070119 | ||
| 950 | _@1 | ||
| 999 |
_c132 _d132 |
||